| Поле | Инд. | ПП | Название | Значение |
|---|---|---|---|---|
| Тип записи | a | |||
| Библиографический уровень | m | |||
| 001 | Контрольный номер | RU/LIBMSTU/274534377 | ||
| 005 | Дата корректировки | 20170110110430.8 | ||
| 020 | 00 | a | ISBN | 5-9292-0006-8 |
| c | Цена, тираж | 47-00 | ||
| 084 | a | Индекс другой классификации/Индекс ББК | 88.54я7+65.050 | |
| 090 | a | Полочн. индекс | 88 | |
| x | Авторский знак | М 20 | ||
| 100 | 10 | a | Автор | Малышев К. Б. |
| 245 | 00 | a | Заглавие | Психология управления |
| b | Продолж. заглавия | науч.-метод. пособие | ||
| 260 | 00 | a | Место издания | Москва |
| b | Издательство | Пер Сэ | ||
| c | Дата издания | 2000 | ||
| 300 | 00 | a | Объем | 144 с. |
| 440 | 00 | a | Серия | Современное образование |
| 650 | _4 | a | Основная рубрика | Психология управления-Учебные издания для высших учебных заведений |
| 653 | 00 | a | Ключевые слова | Власть |
| a | Ключевые слова | Деловое общение | ||
| a | Ключевые слова | Конфликты | ||
| a | Ключевые слова | Лидерство | ||
| a | Ключевые слова | Руководители | ||
| a | Ключевые слова | Управление | ||
| a | Ключевые слова | Управленческая деятельность | ||
| 901 | t | Тип документа | m | |
| 990 | 00 | f | Даты поступлений (DOS) | 02.01 |